00494nam a2200181 a 450000100100000000500170001000800410002702000150006804000250008308200210010810000250012924500540015425000100020826000400021830000200025849000170027883000170029500003640120200930075719.0120117s1983 sp a 000 0 spa d a847095007x aDO-SdBNPbspacBNPHU axxxbG323v, 19831 aGemz Claire, Herbert13aLa vida oculta del cuadro /cHerbert Gemz Claire. a3a ed aBarcelona, España :bLEDA,c1983. a47 p. ;c24 cm.1 aComo se hace 0aComo se hace